Guess the Arsenal player - Statistics

General Stats
  • This quiz has been taken 1,145 times
  • The average score is 8 of 10
Answer Stats
Hint Answer % Correct
German midfielder brought from Real Madrid Ozil
95%
Chilean forward brought from Barcelona Sanchez
95%
Czech Republic goalkeeper brought from Chelsea Cech
93%
Netherlands striker sold to Manchester United Van Persie
91%
French striker sold to Barcelona Henry
90%
Spanish midfielder sold to Barcelona Fabregas
88%
Russian midfielder brought from Zenit Saint Petersburg Arshavin
76%
English forward brought from Manchester United Welbeck
68%
French midfielder sold to Manchester City Nasri
66%
German forward brought from Koln Podolski
62%
No matching quizzes found
Score Distribution
Percent of People with Each Score
Percentile by Number Answered
Your Score History
You have not taken this quiz